[Event "Carabobo-chT"]
[Site "Valencia"]
[Date "2020.03.07"]
[Round "1.1"]
[White "Mosqueda Sequera, Francisco Javier"]
[Black "Nigro Monasterios, Nicola Alejandro"]
[Result "0-1"]
[WhiteElo "1181"]
[BlackElo "2010"]
[PlyCount "58"]
[EventDate "2020.03.07"]
[EventType "team-swiss"]
[EventRounds "6"]
[EventCountry "VEN"]
[SourceTitle "EXT 2021"]
[Source "ChessBase"]
[SourceDate "2020.10.23"]
[SourceVersion "1"]
[SourceVersionDate "2020.10.23"]
[SourceQuality "1"]

1. e4 g6 2. d4 Bg7 3. Nf3 d6 4. Nc3 Nf6 5. Bc4 0-0 6. 0-0 Nxe4 7. Nxe4 d5 8. Bd3 dxe4 9. Bxe4 c6 10. Bg5 Nd7 11. c3 Nf6 12. Bc2 Bg4 13. Qd3 Qa5 14. Bd2 Bf5 15. Qe3 Bxc2 16. Qxe7 Rae8 17. Qxb7 Rb8 18. Qxc6 Rxb2 19. Rfe1 Rb6 20. Qc7 Ne4 21. Rac1 Nxd2 22. Nxd2 Qxa2 23. h3 Rb2 24. Ra1 Qd5 25. Rxa7 Bf5 26. Rd1 Bxh3 27. gxh3 Rxd2 28. Rxd2 Qg5+ 29. Qg3 Qxd2 0-1

[Event "Valencia Imdenagua CC op"]
[Site "Valencia"]
[Date "2020.01.25"]
[Round "3"]
[White "Blanco da Silva, Anthony Robinson"]
[Black "Nigro Monasterios, Nicola Alejandro"]
[Result "0-1"]
[WhiteElo "1873"]
[BlackElo "1965"]
[PlyCount "86"]
[EventDate "2020.01.25"]
[EventType "swiss"]
[EventRounds "6"]
[EventCountry "VEN"]
[SourceTitle "EXT 2021"]
[Source "ChessBase"]
[SourceDate "2020.10.23"]
[SourceVersion "1"]
[SourceVersionDate "2020.10.23"]
[SourceQuality "1"]

1. d4 Nf6 2. Nf3 c5 3. Bf4 Qb6 4. Nc3 d6 5. e4 cxd4 6. Nd5 Nxd5 7. exd5 Qa5+ 8. Qd2 Qxd5 9. Nxd4 a6 10. 0-0-0 e5 11. Nb3 Qxd2+ 12. Bxd2 Nc6 13. f4 Be6 14. Bd3 0-0-0 15. Rhe1 Be7 16. fxe5 dxe5 17. Be4 f6 18. Be3 Kc7 19. Nc5 Bxc5 20. Bxc5 h6 21. a4 Bg4 22. Rd3 Rxd3 23. Bxd3 Rd8 24. Be4 Be6 25. Rd1 Rxd1+ 26. Kxd1 f5 27. Bxc6 Kxc6 28. Bf8 g5 29. Bxh6 g4 30. Ke2 Kd5 31. Ke3 f4+ 32. Kd2 Bd7 33. b3 Kd4 34. c3+ Ke4 35. Ke2 Be6 36. c4 Kd4 37. Kd2 b5 38. cxb5 axb5 39. a5 Bxb3 40. a6 Bd5 41. a7 Bxg2 42. Bg5 Bb7 43. Bd8 b4 0-1

[Event "Valencia Ballesteros Memorial 2nd"]
[Site "Valencia"]
[Date "2019.05.19"]
[Round "5"]
[White "Arias Serrano, Luis Antonio"]
[Black "Nigro Monasterios, Nicola Alejandro"]
[Result "0-1"]
[WhiteElo "2131"]
[BlackElo "1846"]
[PlyCount "58"]
[EventDate "2019.05.17"]
[EventType "swiss"]
[EventRounds "5"]
[EventCountry "VEN"]
[SourceTitle "EXT 2020"]
[Source "ChessBase"]
[SourceDate "2019.10.17"]
[SourceVersion "1"]
[SourceVersionDate "2019.10.17"]
[SourceQuality "1"]

1. Nf3 d5 2. c4 e6 3. b3 Be7 4. Bb2 Bf6 5. d4 c6 6. Nbd2 c5 7. e4 Nc6 8. e5 Be7 9. dxc5 Bxc5 10. Bd3 Nge7 11. 0-0 Ng6 12. g3 0-0 13. a3 a5 14. Qe2 Qc7 15. Rfd1 b6 16. h4 f6 17. exf6 gxf6 18. Re1 Qxg3+ 19. Kh1 Qh3+ 20. Nh2 Bd6 21. Ndf3 Nf4 22. Rg1+ Kh8 23. Qe3 Nxd3 24. Rg2 Bxh2 25. Rxh2 Qf5 26. Qh6 Qxf3+ 27. Rg2 Rf7 28. Rag1 Nxf2+ 29. Kh2 Qh3# 0-1

[Event "Valencia Ballesteros Memorial 2nd"]
[Site "Valencia"]
[Date "2019.05.18"]
[Round "2"]
[White "Blanco Da Silva, Cristofer R"]
[Black "Nigro Monasterios, Nicola Alejandro"]
[Result "0-1"]
[WhiteElo "2055"]
[BlackElo "1846"]
[PlyCount "72"]
[EventDate "2019.05.17"]
[EventType "swiss"]
[EventRounds "5"]
[EventCountry "VEN"]
[SourceTitle "EXT 2020"]
[Source "ChessBase"]
[SourceDate "2019.10.17"]
[SourceVersion "1"]
[SourceVersionDate "2019.10.17"]
[SourceQuality "1"]

1. Nf3 g6 2. g3 Bg7 3. Bg2 d6 4. 0-0 Nf6 5. d3 0-0 6. e4 Bg4 7. Be3 Nbd7 8. Qd2 c5 9. Nc3 Rb8 10. Bh6 Bxh6 11. Qxh6 Bxf3 12. Bxf3 e6 13. Qf4 Ne5 14. Bg2 b5 15. Qd2 Nc6 16. f4 Qb6 17. Kh1 Rbd8 18. f5 Kg7 19. fxe6 fxe6 20. Bh3 b4 21. Na4 Qb5 22. b3 Nd4 23. Rf2 c4 24. Qe3 Qe5 25. Raf1 c3 26. a3 bxa3 27. Nxc3 Nd7 28. Qc1 Rxf2 29. Rxf2 Nc6 30. Na4 a2 31. c3 Nb4 32. Rd2 Nc5 33. Nxc5 dxc5 34. Qa1 Rxd3 35. Rxd3 Qxe4+ 36. Kg1 Qxd3 0-1

[Event "Valencia Mauricio Ramirez Gonzalez"]
[Site "Valencia"]
[Date "2019.03.03"]
[Round "6"]
[White "Nigro Monasterios, Nicola Alejandro"]
[Black "Maldonado, Mauricio"]
[Result "1-0"]
[WhiteElo "1709"]
[BlackElo "1628"]
[PlyCount "81"]
[EventDate "2019.03.01"]
[EventType "team-tourn"]
[EventRounds "6"]
[EventCountry "VEN"]
[SourceTitle "EXT 2022"]
[Source "ChessBase"]
[SourceDate "2021.10.06"]
[SourceVersion "1"]
[SourceVersionDate "2021.10.06"]
[SourceQuality "1"]
[WhiteTeam "Mauri990"]
[BlackTeam "Tocuyito"]
[WhiteTeamCountry "COL"]
[BlackTeamCountry "COL"]

1. e4 d5 2. exd5 Nf6 3. c4 c6 4. Nc3 cxd5 5. d4 e6 6. Nf3 Bb4 7. cxd5 Nxd5 8. Qc2 Nc6 9. Bd3 Ba5 10. a3 h6 11. 0-0 0-0 12. Rd1 Nce7 13. Ne5 Bd7 14. Bh7+ Kh8 15. Nxd5 Nxd5 16. Be4 Bc7 17. Qd3 Ne7 18. Qh3 Kg8 19. Bxh6 Ng6 20. Bd2 Bxe5 21. dxe5 Qc7 22. Bb4 Rfe8 23. Rac1 Bc6 24. Qh5 Rad8 25. Bd6 Qb6 26. Bxg6 fxg6 27. Qxg6 Qb3 28. h4 Rf8 29. h5 Rf7 30. h6 Be8 31. Kh2 Qa4 32. b4 Qa6 33. Rc3 Qb5 34. Rdc1 Rfd7 35. Qg5 Qe2 36. Rf3 Qe4 37. Rf8+ Kh7 38. hxg7 Rxg7 39. Rc7 Rdd7 40. Rxd7 Bxd7 41. Qh5# 1-0

[Event "Valencia Acadar op 2nd"]
[Site "Valencia"]
[Date "2019.02.16"]
[Round "1"]
[White "Ochoa Rodriguez, Angelus Keyser"]
[Black "Nigro Monasterios, Nicola Alejandro"]
[Result "1-0"]
[WhiteElo "1220"]
[BlackElo "1689"]
[PlyCount "60"]
[EventDate "2019.02.16"]
[EventType "swiss"]
[EventRounds "5"]
[EventCountry "VEN"]
[SourceTitle "EXT 2020"]
[Source "ChessBase"]
[SourceDate "2019.10.17"]
[SourceVersion "1"]
[SourceVersionDate "2019.10.17"]
[SourceQuality "1"]

1. e4 g6 2. Nf3 Bg7 3. d4 d6 4. Be3 Nf6 5. Qd2 0-0 6. Bh6 Nxe4 7. Qe3 d5 8. Nbd2 Bg4 9. Bxg7 Kxg7 10. Nxe4 dxe4 11. Qxe4 Bxf3 12. gxf3 c6 13. 0-0-0 Nd7 14. f4 Nf6 15. Qf3 Qd6 16. Bc4 a5 17. a3 b5 18. Ba2 b4 19. c3 bxc3 20. Qxc3 Qxf4+ 21. Qe3 Qd6 22. h3 Nd5 23. Bxd5 cxd5 24. Qe5+ Qxe5 25. dxe5 Rfd8 26. Rd3 e6 27. Rhd1 Rdc8+ 28. Kd2 Rc4 29. Ra1 a4 30. b3 Re4 1-0

[Event "Valencia Acadar op 1st"]
[Site "Valencia"]
[Date "2019.02.02"]
[Round "1"]
[White "Nigro Monasterios, Nicola Alejandro"]
[Black "Blanco Da Silva, Cristofer R"]
[Result "1-0"]
[WhiteElo "1689"]
[BlackElo "2031"]
[PlyCount "69"]
[EventDate "2019.02.02"]
[EventType "swiss"]
[EventRounds "6"]
[EventCountry "VEN"]
[SourceTitle "EXT 2020"]
[Source "ChessBase"]
[SourceDate "2019.10.17"]
[SourceVersion "1"]
[SourceVersionDate "2019.10.17"]
[SourceQuality "1"]

1. f4 d6 2. e3 Nf6 3. d4 g6 4. c4 Bg7 5. Nc3 0-0 6. Bd3 c6 7. Nf3 Nbd7 8. 0-0 Re8 9. f5 Nf8 10. Qc2 Bd7 11. e4 e5 12. dxe5 dxe5 13. Re1 b6 14. a3 h6 15. h3 g5 16. g4 Qe7 17. b4 Rac8 18. Be3 Rc7 19. c5 Rb8 20. cxb6 axb6 21. Reb1 Be8 22. a4 Qd8 23. a5 N6d7 24. Rd1 b5 25. Bf1 f6 26. a6 Ra8 27. a7 Rcc8 28. Rdc1 Bf7 29. Qd2 Nh7 30. Ra6 Rc7 31. Qc2 Rcc8 32. Nxb5 cxb5 33. Qxc8 Qxc8 34. Rxc8+ Rxc8 35. a8Q 1-0

[Event "Valencia Heladeria op 1st"]
[Site "Valencia"]
[Date "2019.01.13"]
[Round "6"]
[White "Marquez Portillo, Darwin Jesus"]
[Black "Nigro Monasterios, Nicola Alejandro"]
[Result "0-1"]
[WhiteElo "1752"]
[BlackElo "1461"]
[PlyCount "72"]
[EventDate "2019.01.12"]
[EventType "swiss"]
[EventRounds "6"]
[EventCountry "VEN"]
[SourceTitle "EXT 2021"]
[Source "ChessBase"]
[SourceDate "2020.10.23"]
[SourceVersion "1"]
[SourceVersionDate "2020.10.23"]
[SourceQuality "1"]

1. e4 g6 2. Nf3 Bg7 3. d4 d6 4. c4 Nf6 5. Nc3 Na6 6. Be2 c5 7. d5 Nc7 8. 0-0 b6 9. Qc2 e6 10. Re1 0-0 11. Bd3 exd5 12. exd5 b5 13. Bg5 bxc4 14. Bxc4 h6 15. Bh4 g5 16. Bg3 Nh5 17. Nd2 f5 18. h3 Nxg3 19. fxg3 Rb8 20. Rad1 Be5 21. Nf1 Qf6 22. Rc1 g4 23. hxg4 Ne8 24. b3 fxg4 25. Ne4 Bd4+ 26. Kh1 Qg6 27. Nh2 Bf5 28. Qe2 Ng7 29. Bd3 Nh5 30. Nf1 Bxe4 31. Bxe4 Rxf1+ 32. Rxf1 Nxg3+ 33. Kh2 Nxf1+ 34. Rxf1 Re8 35. Rf5 Qxf5 36. Bxf5 Rxe2 0-1

[Event "Valencia Heladeria op 1st"]
[Site "Valencia"]
[Date "2019.01.12"]
[Round "3"]
[White "Mejias Veliz, Erick Jose"]
[Black "Nigro Monasterios, Nicola Alejandro"]
[Result "1/2-1/2"]
[WhiteElo "2060"]
[BlackElo "1461"]
[PlyCount "25"]
[EventDate "2019.01.12"]
[EventType "swiss"]
[EventRounds "6"]
[EventCountry "VEN"]
[SourceTitle "EXT 2021"]
[Source "ChessBase"]
[SourceDate "2020.10.23"]
[SourceVersion "1"]
[SourceVersionDate "2020.10.23"]
[SourceQuality "1"]

1. d4 d5 2. c4 e6 3. Nf3 f5 4. e3 Nf6 5. Bd3 c6 6. 0-0 Bd6 7. b3 0-0 8. Ba3 Bxa3 9. Nxa3 Qe7 10. Qc1 Ne4 11. Nc2 Nd7 12. Qa3 Qxa3 13. Nxa3 1/2-1/2

[Event "Carabobo Acadar Cup"]
[Site "Carabobo"]
[Date "2019.01.05"]
[Round "6"]
[White "Rojas, Luis Jose"]
[Black "Nigro Monasterios, Nicola Alejandro"]
[Result "1-0"]
[WhiteElo "2057"]
[BlackElo "1541"]
[PlyCount "109"]
[EventDate "2019.01.04"]
[EventType "tourn"]
[EventRounds "14"]
[EventCountry "VEN"]
[SourceTitle "CBM 188 Extra"]
[Source "ChessBase"]
[SourceDate "2019.02.26"]
[SourceVersion "1"]
[SourceVersionDate "2019.02.26"]
[SourceQuality "1"]

1. e4 e5 2. Nf3 Nc6 3. Bb5 a6 4. Bxc6 dxc6 5. h3 Ne7 6. 0-0 Be6 7. Ng5 Qd6 8. Nxe6 Qxe6 9. a4 f5 10. exf5 Nxf5 11. d3 0-0-0 12. Bg5 Rd7 13. Nc3 Qg6 14. Be3 Bd6 15. Qg4 Qxg4 16. hxg4 Nd4 17. Bxd4 exd4 18. Ne4 h6 19. Rae1 Bb4 20. Re2 Rd5 21. f4 Ra5 22. Ra1 h5 23. g5 h4 24. Kh2 Rf8 25. Rf2 Raf5 26. Raf1 g6 27. Kh3 Bd6 28. Nxd6+ cxd6 29. Kxh4 Rh8+ 30. Kg4 Rh5 31. Re2 Rhxg5+ 32. fxg5 Rxf1 33. Re6 Rf2 34. g3 Rxc2 35. Rxg6 Kc7 36. Rf6 Re2 37. g6 Re8 38. Kg5 Rg8 39. Rf7+ Kb6 40. g7 c5 41. Kg6 c4 42. Rf8 cxd3 43. Rxg8 d2 44. Rc8 d1Q 45. g8Q Qg4+ 46. Kf6 Qf3+ 47. Ke6 Qb3+ 48. Kf6 Qf3+ 49. Kg7 Qxg3+ 50. Kh8 Qh4+ 51. Qh7 Qf6+ 52. Qg7 Qh4+ 53. Kg8 Qf4 54. b4 d3 55. Qg1+ 1-0

[Event "Carabobo Acadar Cup"]
[Site "Carabobo"]
[Date "2019.01.04"]
[Round "1"]
[White "Eman Sardinas, Juan Enrique"]
[Black "Nigro Monasterios, Nicola Alejandro"]
[Result "0-1"]
[WhiteElo "2090"]
[BlackElo "1541"]
[PlyCount "82"]
[EventDate "2019.01.04"]
[EventType "tourn"]
[EventRounds "14"]
[EventCountry "VEN"]
[SourceTitle "CBM 188 Extra"]
[Source "ChessBase"]
[SourceDate "2019.02.26"]
[SourceVersion "1"]
[SourceVersionDate "2019.02.26"]
[SourceQuality "1"]

1. d4 d5 2. c4 e6 3. Nc3 c6 4. Nf3 f5 5. g3 Nf6 6. Bg2 Be7 7. b3 0-0 8. 0-0 Ne4 9. Qc2 Nd7 10. a4 a5 11. e3 g5 12. Nd2 Nxc3 13. Qxc3 g4 14. Ba3 Bxa3 15. Rxa3 Qe7 16. Ra2 b6 17. cxd5 cxd5 18. Rb1 Ba6 19. b4 Rac8 20. Qa3 axb4 21. Qxb4 Rc1+ 22. Bf1 Qxb4 23. Rxb4 Rfc8 24. Kg2 Bxf1+ 25. Nxf1 Re1 26. f3 gxf3+ 27. Kf2 Rcc1 28. Nd2 Re2+ 29. Kxf3 Rxh2 30. a5 e5 31. axb6 Kf7 32. g4 Rg1 33. gxf5 e4+ 34. Nxe4 dxe4+ 35. Kxe4 Rxa2 36. b7 Nf6+ 37. Ke5 Ra5+ 38. Kd6 Rd5+ 39. Kc6 Rc1+ 40. Kb6 Nd7+ 41. Ka6 Ra1+ 0-1

[Event "Venezuela op 2nd"]
[Site "Valencia"]
[Date "2018.12.15"]
[Round "4"]
[White "Nigro Monasterios, Nicola Alejandro"]
[Black "Mujica Benitez, William Jesus"]
[Result "0-1"]
[WhiteElo "1460"]
[BlackElo "1388"]
[PlyCount "64"]
[EventDate "2018.12.14"]
[EventType "swiss"]
[EventRounds "6"]
[EventCountry "VEN"]
[SourceTitle "EXT 2021"]
[Source "ChessBase"]
[SourceDate "2020.10.23"]
[SourceVersion "1"]
[SourceVersionDate "2020.10.23"]
[SourceQuality "1"]

1. e4 c6 2. f4 d5 3. exd5 cxd5 4. d4 Nf6 5. Nf3 Bg4 6. Nbd2 e6 7. Be2 Nc6 8. 0-0 Be7 9. c3 h6 10. Ne5 Bf5 11. Ndf3 Ne4 12. Qa4 Qc7 13. Bb5 Rc8 14. g4 Bh7 15. Nxc6 bxc6 16. Ba6 Rb8 17. Ne5 Rb6 18. c4 dxc4 19. Nxc4 Rb4 20. Qc2 Ng3 21. Qd1 Nxf1 22. Qxf1 0-0 23. b3 c5 24. Bd2 Rbb8 25. Ba5 Qc6 26. Ne5 Qd5 27. Rd1 cxd4 28. Bc7 Rb4 29. Bc4 Qc5 30. Nd7 Qxc7 31. Nxf8 Bxf8 32. Rxd4 Bc5 0-1

[Event "Acarigua Darroman Cotilla Memorial"]
[Site "Acarigua"]
[Date "2016.09.24"]
[Round "4.14"]
[White "Nigro Monasterios, Nicola Alejandro"]
[Black "Reyes Guzman, Yakovich Ilich"]
[Result "1-0"]
[WhiteElo "1482"]
[BlackElo "1364"]
[PlyCount "149"]
[EventDate "2016.09.23"]
[EventType "swiss"]
[EventRounds "6"]
[EventCountry "VEN"]
[SourceTitle "EXT 2022"]
[Source "ChessBase"]
[SourceDate "2021.10.06"]
[SourceVersion "1"]
[SourceVersionDate "2021.10.06"]
[SourceQuality "1"]

1. d4 d5 2. e3 Nc6 3. f4 Nf6 4. Nf3 e6 5. c3 Bd6 6. Bd3 0-0 7. Nbd2 h6 8. Ne5 Bxe5 9. fxe5 Nd7 10. 0-0 f5 11. Qh5 Qe8 12. Qh4 Qd8 13. Qh5 Qe8 14. Qh3 Nd8 15. Rf3 Nf7 16. Qh4 Qd8 17. Qxd8 Rxd8 18. c4 c6 19. cxd5 cxd5 20. b4 b6 21. Bb5 a6 22. Bc6 Rb8 23. Nb3 Ndxe5 24. dxe5 Nxe5 25. b5 Nxf3+ 26. gxf3 Rd6 27. Ba3 Rd8 28. Be7 Bd7 29. Bxd8 Rxd8 30. Bxd7 Rxd7 31. bxa6 Ra7 32. Nd4 Kf7 33. Rc1 Rxa6 34. Rc7+ Kf6 35. Rc6 g6 36. Rxe6+ Kg7 37. Rd6 Rxa2 38. Rxd5 Ra3 39. Re5 f4 40. exf4 h5 41. Rb5 Ra4 42. Ne6+ Kf6 43. Rxb6 Kf5 44. Ng7+ Kxf4 45. Rxg6 Kxf3 46. Rf6+ Kg4 47. Rg6+ Kf3 48. Rg3+ Ke4 49. Nxh5 Ra1+ 50. Kg2 Ra2+ 51. Kh3 Kf5 52. Ng7+ Kf4 53. Ne6+ Kf5 54. Nd4+ Ke5 55. Nf3+ Kf4 56. Ng1 Rf2 57. Rg2 Rf1 58. Rg8 Ke3 59. Re8+ Kd4 60. Kg2 Rf5 61. Nf3+ Kd5 62. Kg3 Rf7 63. Kg4 Rg7+ 64. Ng5 Kd6 65. h4 Kd7 66. Re1 Kd8 67. Kf5 Rg8 68. h5 Rf8+ 69. Kg6 Rf2 70. h6 Rh2 71. h7 Kc7 72. Kg7 Kd6 73. h8Q Rxh8 74. Kxh8 Kc5 75. Re4 1-0

[Event "Porlamar Chavez Memorial"]
[Site "Porlamar"]
[Date "2015.01.11"]
[Round "4"]
[White "Romagnone, Ivano"]
[Black "Nigro Monasterios, Nicola Alejandro"]
[Result "1-0"]
[WhiteElo "1812"]
[BlackElo "1613"]
[PlyCount "85"]
[EventDate "2015.01.08"]
[EventType "swiss"]
[EventRounds "5"]
[EventCountry "VEN"]
[SourceTitle "CBM 164 Extra"]
[Source "ChessBase"]
[SourceDate "2015.03.02"]
[SourceVersion "1"]
[SourceVersionDate "2015.03.02"]
[SourceQuality "1"]

1. d4 d5 2. c4 e6 3. Nc3 f5 4. cxd5 exd5 5. Bf4 Nf6 6. Nb5 Bb4+ 7. Nc3 0-0 8. e3 Ne4 9. Rc1 c6 10. a3 Bd6 11. Be5 Qh4 12. g3 Qe7 13. Nf3 Nd7 14. Bxd6 Qxd6 15. b4 Ndf6 16. Ne5 a5 17. Qb3 axb4 18. axb4 Nxc3 19. Rxc3 Ne4 20. Rc1 Be6 21. f3 Nf6 22. Be2 Rfc8 23. 0-0 Nd7 24. Nd3 Ra7 25. Rc3 Rca8 26. Rfc1 Ra2 27. R1c2 Ra1+ 28. Kg2 f4 29. Nxf4 Bf5 30. e4 g5 31. Nd3 Bh3+ 32. Kf2 Rh1 33. e5 Qh6 34. b5 Rxh2+ 35. Ke3 Rg2 36. bxc6 g4+ 37. Nf4 Rxg3 38. cxd7 Rf8 39. Qxd5+ Kh8 40. d8Q Qxf4+ 41. Kd3 Qf5+ 42. Kc4 b5+ 43. Kxb5 1-0